[Event "Remote Jubilee Gr.D email"]
[Site "Remote email"]
[Date "2013.09.02"]
[Round "?"]
[White "Guenschmann, Martin"]
[Black "Vaz, Mario Augusto Jr"]
[Result "0-1"]
[WhiteElo "2014"]
[BlackElo "2006"]
[PlyCount "104"]
[EventDate "2013.??.??"]
[EventType "tourn (corr)"]
[EventRounds "10"]
[EventCountry "GER"]
[SourceTitle "Corr 2015"]
[Source "ChessBase"]
[SourceDate "2015.07.17"]
[SourceVersion "1"]
[SourceVersionDate "2015.07.17"]
[SourceQuality "1"]

1. g4 d6 2. g5 e5 3. d4 exd4 4. Qxd4 Nc6 5. Qa4 d5 6. Nf3 Bf5 7. Qh4 Bxc2 8. Nd4 Nxd4 9. Qxd4 h6 10. Na3 Bg6 11. Bg2 hxg5 12. Qxd5 Qxd5 13. Bxd5 Bb4+ 14. Kf1 0-0-0 15. Bb3 Bf5 16. f3 g4 17. Be3 Re8 18. Kf2 Be7 19. Bf4 Bc5+ 20. e3 Nf6 21. Bxf7 Re7 22. Bc4 gxf3 23. Kxf3 Be4+ 24. Ke2 Bxh1 25. Rxh1 Rh4 26. Rf1 Nh5 27. Bg5 Rxh2+ 28. Kd3 Rd7+ 29. Kc3 Ng3 30. Rf4 Bd6 31. Rh4 Be5+ 32. Kb4 Rxh4 33. Bxh4 Nf5 34. Bg5 Rd6 35. b3 Kb8 36. Nc2 Rd2 37. Nd4 Bxd4 38. exd4 Rxa2 39. d5 Rg2 40. Bc1 g5 41. Bd3 Nd6 42. Kc5 Rg1 43. Be3 Rg3 44. Kd4 g4 45. Bf2 Rf3 46. Bg1 g3 47. Kc3 g2 48. Kd2 b5 49. Ke2 Rf1 50. Ke3 Rxg1 51. Kf3 Rd1 52. Kxg2 Rxd3 0-1

[Event "Remote Jubilee Gr.D email"]
[Site "Remote email"]
[Date "2013.09.02"]
[Round "?"]
[White "Nackas, Hans Juergen"]
[Black "Vaz, Mario Augusto Jr"]
[Result "0-1"]
[WhiteElo "2051"]
[BlackElo "2006"]
[PlyCount "114"]
[EventDate "2013.??.??"]
[EventType "tourn (corr)"]
[EventRounds "10"]
[EventCountry "GER"]
[SourceTitle "Corr 2015"]
[Source "ChessBase"]
[SourceDate "2015.07.17"]
[SourceVersion "1"]
[SourceVersionDate "2015.07.17"]
[SourceQuality "1"]

1. d4 d6 2. e4 Nf6 3. Bd3 e5 4. c3 c6 5. Nf3 Bg4 6. h3 Bxf3 7. Qxf3 exd4 8. cxd4 Qb6 9. Qe3 Be7 10. 0-0 0-0 11. Nd2 Re8 12. a3 Nbd7 13. f4 c5 14. d5 Bf8 15. Qf2 c4 16. Qxb6 Nxb6 17. Nxc4 Nxc4 18. Bxc4 Nxe4 19. Be3 a6 20. Rac1 b5 21. Ba2 g6 22. Rc2 Bg7 23. Bb6 Ng3 24. Rf3 Nf5 25. Rd2 Rac8 26. g4 Rc1+ 27. Kh2 Nh4 28. Rfd3 Ree1 29. Bd8 g5 30. Bxg5 Ng6 31. Kg3 Ra1 32. Bb3 Rg1+ 33. Kh2 h6 34. Bd1 Re1 35. Kg3 hxg5 36. Kf2 Re4 37. fxg5 Ne5 38. Rb3 Nc4 39. Re2 Rf4+ 40. Kg3 Be5 41. Bc2 Nd2 42. Rxe5 dxe5 43. Rc3 Rg1+ 44. Kh2 Re1 45. Kg3 Re3+ 46. Kh4 Nf3+ 47. Kh5 Rxc3 48. bxc3 e4 49. d6 Ne5 50. a4 e3 51. Bd1 Rf1 52. Be2 Rf2 53. d7 Nxd7 54. Bd1 Rd2 55. Bf3 Ne5 56. Ba8 Ng6 57. Be4 Rh2 0-1

[Event "Remote Jubilee Gr.D email"]
[Site "Remote email"]
[Date "2013.09.02"]
[Round "?"]
[White "Vaz, Mario Augusto Jr"]
[Black "Santos, Pedro Miguel da Ros"]
[Result "1-0"]
[WhiteElo "2006"]
[BlackElo "1700"]
[PlyCount "63"]
[EventDate "2013.??.??"]
[EventType "tourn (corr)"]
[EventRounds "10"]
[EventCountry "GER"]
[SourceTitle "Corr 2015"]
[Source "ChessBase"]
[SourceDate "2015.07.17"]
[SourceVersion "1"]
[SourceVersionDate "2015.07.17"]
[SourceQuality "1"]

1. d4 d5 2. Nf3 Nc6 3. c4 e6 4. Nc3 Bb4 5. Bf4 Nf6 6. e3 Ne4 7. Qc2 0-0 8. Bd3 Nf6 9. Bg5 Bxc3+ 10. Qxc3 a6 11. Rc1 Bd7 12. cxd5 exd5 13. Ne5 Re8 14. h4 Re6 15. Bf5 Rd6 16. Nxd7 Rxd7 17. Bxd7 Qxd7 18. Bxf6 gxf6 19. Rh3 Kh8 20. Qb3 Na5 21. Qb4 b6 22. Rf3 Qd8 23. Qa4 Rc8 24. Qc2 Qd6 25. Kf1 Qh2 26. Qf5 Qh1+ 27. Ke2 Qxh4 28. Rh1 Qxh1 29. Qxf6+ Kg8 30. Qxf7+ Kh8 31. Qf6+ Kg8 32. Rg3# 1-0

[Event "IECC TH-M-2806"]
[Site "IECC email"]
[Date "2008.05.07"]
[Round "?"]
[White "Vaz, Mario Augusto Jr"]
[Black "Khan, Shams Pehlwan"]
[Result "0-1"]
[WhiteElo "2137"]
[BlackElo "1985"]
[PlyCount "38"]
[EventDate "2008.??.??"]
[EventType "match (corr)"]
[SourceTitle "Corr 2013"]
[Source "ChessBase"]
[SourceDate "2012.11.12"]
[SourceVersion "1"]
[SourceVersionDate "2012.11.12"]
[SourceQuality "1"]
[WhiteTeam "US of America"]
[BlackTeam "Italy"]
[WhiteTeamCountry "USA"]
[BlackTeamCountry "ITA"]

1. d4 d5 2. Nf3 Nf6 3. e3 e6 4. Bd3 Bd6 5. c3 0-0 6. 0-0 b6 7. Nbd2 Bb7 8. Qe2 Ne4 9. Ne5 Qh4 10. f4 f6 11. Qg4 Qxg4 12. Nxg4 c5 13. Nxe4 dxe4 14. Bc4 Bd5 15. Be2 c4 16. f5 exf5 17. Rxf5 Be6 18. Rf1 Nd7 19. Nf2 Be7 0-1

[Event "IECC TH-M email"]
[Site "IECC email"]
[Date "2002.05.12"]
[Round "?"]
[White "Vaz, Mario Augusto Jr"]
[Black "Tosney, Paul"]
[Result "1-0"]
[WhiteElo "1417"]
[BlackElo "1209"]
[PlyCount "51"]
[EventDate "2002.??.??"]
[EventType "match (corr)"]
[EventRounds "2"]
[SourceTitle "Corr 2008"]
[Source "ChessBase"]
[SourceDate "2008.06.24"]
[SourceVersion "1"]
[SourceVersionDate "2008.06.24"]
[SourceQuality "1"]

1. e4 d6 2. d4 Nf6 3. Nc3 c6 4. f4 Qa5 5. Bd3 e5 6. Nge2 Bg4 7. Be3 Nbd7 8. Qd2 Be7 9. 0-0 0-0 10. a3 Qc7 11. h3 Bxe2 12. Bxe2 b5 13. d5 a6 14. dxc6 Qxc6 15. a4 Nxe4 16. Nxe4 Qxe4 17. Bf3 Qc4 18. b3 Qc7 19. Bxa8 Rxa8 20. axb5 Qb7 21. fxe5 Nxe5 22. bxa6 Rxa6 23. Rxa6 Qxa6 24. Qd5 Kf8 25. b4 Bf6 26. b5 1-0

[Event "IECC TH-M email"]
[Site "IECC email"]
[Date "2002.03.14"]
[Round "?"]
[White "Quinlan, Terrence"]
[Black "Vaz, Mario Augusto Jr"]
[Result "0-1"]
[WhiteElo "1249"]
[BlackElo "1389"]
[PlyCount "46"]
[EventDate "2002.??.??"]
[EventType "match (corr)"]
[EventRounds "2"]
[SourceTitle "Corr 2008"]
[Source "ChessBase"]
[SourceDate "2008.06.24"]
[SourceVersion "1"]
[SourceVersionDate "2008.06.24"]
[SourceQuality "1"]

1. e4 d6 2. d4 Nf6 3. Nc3 c6 4. b4 e5 5. d5 Be7 6. Rb1 cxd5 7. exd5 0-0 8. h3 a5 9. Ba3 Qc7 10. Nb5 Qb6 11. Nf3 axb4 12. Rxb4 Rxa3 13. Rb3 Ne4 14. Qd3 Rxb3 15. Qxb3 Qxf2+ 16. Kd1 Ng3 17. Bd3 Nxh1 18. Kc1 f5 19. Nxe5 Qg1+ 20. Kb2 Bf6 21. Qb4 Bxe5+ 22. Ka3 Bd7 23. Nxd6 Qc1+ 0-1

[Event "IECC TH-T email"]
[Site "IECC email"]
[Date "2001.10.14"]
[Round "?"]
[White "Sala, Stefano"]
[Black "Vaz, Mario Augusto Jr"]
[Result "0-1"]
[WhiteElo "1409"]
[BlackElo "1338"]
[PlyCount "60"]
[EventDate "2001.??.??"]
[EventType "match (corr)"]
[EventRounds "2"]
[SourceTitle "Corr 2008"]
[Source "ChessBase"]
[SourceDate "2008.06.24"]
[SourceVersion "1"]
[SourceVersionDate "2008.06.24"]
[SourceQuality "1"]

1. e4 d6 2. d4 Nf6 3. Nc3 c6 4. f4 Qa5 5. Bd2 e5 6. Nf3 exd4 7. Nxd4 Qb6 8. Nb3 a5 9. Na4 Qc7 10. Qe2 b5 11. Nc3 Be7 12. Nd4 0-0 13. 0-0-0 b4 14. Na4 c5 15. Nb5 Qc6 16. Re1 Bb7 17. e5 dxe5 18. Qxe5 Re8 19. Qc7 Na6 20. Qxc6 Bxc6 21. b3 Ne4 22. Nb6 Rab8 23. Na7 Bh4 24. g3 Nxd2 25. Rxe8+ Bxe8 26. Kxd2 Rxb6 27. gxh4 Nc7 28. c4 Rf6 29. h5 Rxf4 30. Be2 Ne6 0-1